| 000 | 02881cam a22005294i 4500 | ||
|---|---|---|---|
| 003 | PE-LiUPU | ||
| 005 | 20250731172840.0 | ||
| 008 | 121114s2012 ilu r 001 0deng d | ||
| 020 |
_a0830857079 _q(pbk. ; _qalk. paper) |
||
| 020 |
_a9780830857074 _q(pbk. ; _qalk. paper) |
||
| 035 | _a(Sirsi) i9780830857074 | ||
| 040 |
_aDLC _bspa _erda _cDLC _dYDX _dBTCTA _dYDXCP _dBDX _dOCLCO _dGGB _dBWX _dLNT _dSGB _dZID _dJEV _dOCLCQ _dCDX _dOCLCA _dOCLCF _dNLGGC _dOCLCQ _dPE-LiUPU |
||
| 049 | _aPRUA | ||
| 050 | 0 | 0 |
_aBS2506.3 _b.P3853 2012 |
| 082 | 0 | 0 |
_a266.001 _bP2 _223 |
| 245 | 0 | 0 |
_aPaul's missionary methods : _bin his time and ours / _cedited by Robert L. Plummer & John Mark Terry. |
| 264 | 1 |
_aDowners Grove, Illinois : _bIVP Academic, an imprint of InterVarsity Press, _c[2012] |
|
| 300 |
_a253 páginas ; _c23 centímetros |
||
| 336 |
_atext _2rdacontent |
||
| 337 |
_aunmediated _2rdamedia |
||
| 338 |
_avolume _2rdacarrier |
||
| 504 | _aÍndice : páginas 247-253. | ||
| 505 | 0 | 0 |
_gPart 1. Paul in the New Testament. _tPaul's religious and historical milieu / _rMichael F. Bird -- _tPaul the missionary / _rEckhard J. Schnabel -- _tPaul's gospel / _rRobert L. Plummer -- _tPaul's ecclesiology / _rBenjamin L. Merkle -- _tPaul's mission as the mission of the church / _rChristoph W. Stenschke -- _tPaul's theology of suffering / _rDon N. Howell Jr. -- _tPaul and spiritual warfare / _rCraig Keener -- _gPart 2. Paul's influence on missions. _tPaul's missions strategy / _rDavid J. Hesselgrave -- _tPaul's strategy : determinative for today? / _rMichael Pocock -- _tPaul and indigenous missions / _rJohn Mark Terry -- _tPaul and church planting / _rEd Stetzer with Lizette Beard -- _tPaul and contextualization / _rM. David Sills -- _tPaul and leadership development / _rChuck Lawless -- _tRoland Allen's Missionary methods at one hundred / _rJ.D. Payne. |
| 526 | _aSEG42 | ||
| 526 | _aSEG41 | ||
| 526 | _aSEG40 | ||
| 526 | _aSEG39 | ||
| 526 | _aP94 | ||
| 526 | _aP87 | ||
| 526 | _aP86 | ||
| 526 | _aP85 | ||
| 526 | _aP77 | ||
| 526 | _aP76 | ||
| 526 | _aP35 | ||
| 600 | 0 | 0 |
_aPablo, _cApostol, Santo. |
| 630 | 0 | 0 |
_aBiblio. _pEpistolas de Pablo _xTeología. |
| 650 | 0 |
_aMisión _xEnseñanza bíblica. |
|
| 700 | 1 |
_aPlummer, Robert L. _q(Robert Lewis), _d1971-, _eeditor. |
|
| 700 | 1 |
_aTerry, John Mark, _d1949- , _eeditor. |
|
| 910 |
_ajck _bjck _cjck _d20160525 |
||
| 942 |
_2ddc _cBOOK |
||
| 949 |
_a266.001 P2 _wDEWEY _c1 _i73114 _d2016-12-22 _e2016-12-22 _kCHECKEDOUT _lCCODEBUL1 _mBUL _n1 _p12.00 _rM _sY _tBOOK _u2016-5-25 _xTEOLOGIA _PP85 _0COMPRA _o.STAFF. Posgrado |
||
| 994 |
_aC0 _bPEPRU |
||
| 596 | _a1 | ||
| 999 |
_a266.001 P2 _wDEWEY _c9522 _i73114 _d9522 _e2019-11-12 _f2021-11-10 _g4 _lCCODEBUL1 _mBUL _n12 _p12.00 _q3 _r0 _sY _tBOOK _u2016-5-25 _xTEOLOGIA _PP85 _0COMPRA _o.STAFF. Colección Teología |
||
| 980 |
_81 _gALBERTO SANCHEZ Responsable de Automatización |
||